00837cam a2200229 a 45000010009000000050017000090080041000260200015000670350024000820350021001060400049001270500025001760820020002012450084002212500012003052600061003173000036003785040051004149420012004659990017004779520113004941503995020201124143228.0071011s2002 njua | b 001 0 eng d a0130432431 a(OCoLC)ocn174134188 a(OCoLC)174134188 aDLCcDLCdBAKERdBTCTAdYDXCPdC#PdBWXdDLC00aHF5686.I56bC53 200800222a657.96bCHO10aInternational Accounting /cFrederick D.S. Choi, Carol Ann Frost & Gary K. Meek a4th ed. aUpper Saddle River, N.J. :bPearson Prentice Hall,c2002 axviii, 522 p. :bill. ;c25 cm. aIncludes bibliographical references and index. 2ddccBB c13056d13056 00102ddc40708 aMAINbMAINc1STd2009-12-20eDonationl0o657.96 CHOp000019306r2025-07-15 00:00:00yBB